Obálka Náhled e-knihy:
Epub
Pro půjčování e-knih musíte být přihlášeni.
Jak si půjčit online?

Továrna na absolutno /

Proč po celém světě jako lavina vzrůstá náboženské běsnění a lidská touha po dokonalém štěstí? Nechtěným efektem zázračného stroje na výrobu energie je totiž vytvoření „Absolutna" – esence, působící na lidstvo a jeho jednání ve formě božího poznání... Chaos a šílenství na sebe nenechají dlouho...

Celý popis

Uloženo v:
Hlavní autor: Čapek, Karel (Autor)
Médium: E-kniha
Jazyk:Czech
Vydáno: Praha : Saga Egmont, 2022
Tagy:
Žádné tagy
LEADER 02046nam a22002297i 4500
001 312012
007 ta
008 260601s2022 xr ||||| |||| 00| 0 cze d
020 |a 9990003809124 
044 |a xr 
100 1 |a  Čapek, Karel  |4 aut 
245 1 0 |a Továrna na absolutno /  |c  Čapek, Karel 
264 1 |a Praha :  |b Saga Egmont,  |c 2022 
300 |a 1 online zdroj (137 stran) 
336 |a text  |b txt  |2 rdacontent 
337 |a bez média  |b n  |2 rdamedia 
338 |a online zdroj  |b cr  |2 rdacarrier 
520 2 |a Proč po celém světě jako lavina vzrůstá náboženské běsnění a lidská touha po dokonalém štěstí? Nechtěným efektem zázračného stroje na výrobu energie je totiž vytvoření „Absolutna" – esence, působící na lidstvo a jeho jednání ve formě božího poznání... Chaos a šílenství na sebe nenechají dlouho čekat. Podaří se lidstvu zastavit celosvětovou vlnu násilí a ukončit krvavou náboženskou válku? Dystopický román Továrna na absolutno byl poprvé publikován v roce 1922 ve formě fejetonů vycházejících na pokračování. Jejich popularita pak přiměla Karla Čapka dílo přepracovat a vydat jako román. Autorovo nadčasové varování před společenskými důsledky náboženských dogmat neztrácí na aktuálnosti ani sto let od svého prvního publikování. Karel Čapek (1890–1938) byl český spisovatel, novinář a dramatik. Do národního povědomí se dostal především svými díly Bílá nemoc, Věc Makropulos, Krakatit či Válka s mloky. Významně obohatil nejen literaturu českou, ale i tu světovou – právě v jeho divadelní hře R.U.R. se poprvé objevilo slovo robot. 
910 |a RBIT002 
998 |d 380912  |a https://core.palmknihy.cz/api/books/380912/cover?s5nosj  |b https://core.palmknihy.cz/api/books/380912/cover/400?s5nosj  |c https://core.palmknihy.cz/api/books/380912/cover/50?s5nosj  |e   |g 137  |i 9990003809124  |j https://core.palmknihy.cz/api/books/380912/preview.epub  |l   |q 49  |r 1  |s https://www.palmknihy.cz/kniha/380912  |t ebook  |y 2022  |z 1 
999 |d 312010